000 00651nas a2200217 4500
001 BR9000482
003 BR-BrBNA
005 20231205091806.0
007 ta
008 230509b bl.|||p| |||| 00| 00por d
040 _aBR-BrBNA
_bpor
_cBiblioteca Nacional de Agricultura
041 _a(Pt)
072 _aF70
100 1 _aRodriguesa, K.F.
245 1 _aContribuicao ao estudo dos mixomicetos do estado do Rio de Janeiro
650 _aMIXOMICETO
650 _aRIO DE JANEIRO
773 0 _tRodriguesia (Brazil)
_xISSN 0370-6583
_g(Jan-Jun 1985), v. 37(62) p. 46-47
_wBR9000482
909 _a202311
_bLúcia
_c55
_dLúcia Elande
942 _2AGRIS
_n0
_cANA
999 _c127367
_d127367